[Event "5. ODEM U25 2008"]
[Site "Willingen GER"]
[Date "2008.05.16"]
[Round "8"]
[White "Stahnecker, Wieland"]
[Black "Schwarzat, Julian"]
[Result "1-0"]
[Termination "normal"]
[Board "14"]
[WhiteElo "1733"]
[BlackElo "1963"]
[PlyCount "47"]
[WhiteFideId "4694481"]
[BlackFideId "24675857"]
[EventCountry "GER"]
[EventRounds "9"]
[EventType "swiss"]
[EventDate "2008.05.10"]

1. e4 e6 2. d4 d5 3. Nc3 dxe4 4. Nxe4 Nd7 5. Bd3 Ngf6 6. Qe2 Be7 7. Nf3 O-O 8.
Nxf6+ Nxf6 9. Bd2 c5 10. dxc5 Bxc5 11. h4 Re8 12. Bc3 Nd5 13. Bxh7+ Kxh7 14.
Ng5+ Kg8 15. Qh5 Qc7 16. Qh7+ Kf8 17. Qxg7+ Ke7 18. Bf6+ Kd7 19. Qxf7+ Re7 20.
Bxe7 Qe5+ 21. Kf1 Bxe7 22. Re1 Qf5 23. Qxe6+ Qxe6 24. Nxe6 1-0

[Event "5. ODEM U25 2008"]
[Site "Willingen GER"]
[Date "2008.05.16"]
[Round "8"]
[White "Werner, Patrick"]
[Black "Reichert, Manuel"]
[Result "1/2-1/2"]
[Termination "normal"]
[Board "15"]
[WhiteElo "1754"]
[BlackElo "1946"]
[PlyCount "40"]
[WhiteFideId "24601608"]
[BlackFideId "24674028"]
[EventCountry "GER"]
[EventRounds "9"]
[EventType "swiss"]
[EventDate "2008.05.10"]

1. e4 c5 2. Nf3 Nc6 3. d4 cxd4 4. Nxd4 g6 5. Nc3 Bg7 6. Be3 Nf6 7. Bc4 Qa5 8.
O-O O-O 9. f3 d6 10. Qd2 Bd7 11. Nxc6 bxc6 12. Rad1 Rfe8 13. Rfe1 Bc8 14. Bb3
Ba6 15. Bh6 Bh8 16. e5 dxe5 17. Bg5 e6 18. Rxe5 Qb6+ 19. Kh1 Nd5 20. Na4 Qc7
1/2-1/2

[Event "5. ODEM U25 2008"]
[Site "Willingen GER"]
[Date "2008.05.16"]
[Round "8"]
[White "Wurm, Alexander"]
[Black "Plank, Michael"]
[Result "1/2-1/2"]
[Termination "normal"]
[Board "16"]
[WhiteElo "2068"]
[BlackElo "1741"]
[PlyCount "240"]
[WhiteFideId "24637246"]
[BlackFideId "4671716"]
[EventCountry "GER"]
[EventRounds "9"]
[EventType "swiss"]
[EventDate "2008.05.10"]

1. e4 c6 2. d4 d5 3. Nc3 dxe4 4. Nxe4 Bf5 5. Ng3 Bg6 6. Nf3 Nd7 7. Bc4 e6 8.
O-O Ngf6 9. Re1 Be7 10. c3 O-O 11. Bg5 Nd5 12. Bxe7 Qxe7 13. Qe2 N7b6 14. Bb3
Qc7 15. Ne5 Nd7 16. Nxg6 hxg6 17. Rad1 N7f6 18. Nf1 Qf4 19. Nd2 Qg4 20. Qxg4
Nxg4 21. Nf3 Rfd8 22. h3 Ngf6 23. Ne5 Nd7 24. Nc4 a5 25. Bc2 b5 26. Ne3 Nxe3
27. fxe3 Nb6 28. Bd3 Na4 29. Rd2 Rab8 30. Red1 c5 31. dxc5 Nxc5 32. Bc2 Rxd2
33. Rxd2 Kf8 34. Kf1 Ke7 35. Ke2 Nd7 36. Be4 Nc5 37. Bf3 Nd7 38. Kd1 Ne5 39.
Be2 b4 40. Kc2 Rc8 41. Rd4 bxc3 42. bxc3 Rc5 43. a3 g5 44. c4 f5 45. Kc3 Nf7
46. Rd1 Nd6 47. Bd3 Kd7 48. Rb1 Kc7 49. g3 g6 50. Rb2 e5 51. Rb1 Rc6 52. h4 g4
53. Rb2 Rc5 54. Rh2 e4 55. Bf1 Nb5+ 56. Kb3 Nd6 57. Rb2 Nb7 58. Kc3 Nd8 59. Rb5
Kc6 60. Be2 Kd6 61. Rb8 Kc7 62. Rb1 Nc6 63. Rb5 Kd6 64. Rb7 Ne5 65. Ra7 Nc6 66.
Ra8 Ke6 67. Rh8 Kf7 68. Rh7+ Kf6 69. Bf1 Ke6 70. Rh6 Kf7 71. h5 gxh5 72. Rxh5
Ke6 73. Be2 Kd6 74. Rg5 Nd8 75. Bd1 Ne6 76. Rh5 Rc8 77. Rxf5 Ra8 78. Rd5+ Kc6
79. Bxg4 Nc5 80. Kd4 Nb7 81. Kxe4 Nd6+ 82. Kd3 Rg8 83. Rd4 Rb8 84. Bf3+ Kc7 85.
Kc3 a4 86. Bd1 Rb1 87. Bxa4 Ra1 88. Kb2 Re1 89. c5 Nb7 90. Rd7+ Kc8 91. Rd3 Kc7
92. Rc3 Rg1 93. e4 Rg2+ 94. Bc2 Kc6 95. e5 Re2 96. Kb3 Rxe5 97. Kb4 Nxc5 98. a4
Kd6 99. Bd3 Nb7 100. Bc4 Rg5 101. Rd3+ Kc6 102. Bb5+ Kb6 103. Rf3 Rg4+ 104. Bc4
Nd6 105. Rf5 Rxg3 106. Rf6 Kc7 107. Bb5 Nxb5 108. axb5 Kb7 109. Rf5 Rg4+ 110.
Ka5 Rg6 111. Rf7+ Kb8 112. Ra7 Rf6 113. b6 Rf5+ 114. Ka6 Rf8 115. Rd7 Rg8 116.
Rd6 Rf8 117. Rc6 Rg8 118. b7 Rf8 119. Kb6 Rg8 120. Rf6 Re8 1/2-1/2

[Event "5. ODEM U25 2008"]
[Site "Willingen GER"]
[Date "2008.05.16"]
[Round "8"]
[White "Zahn, Benno"]
[Black "Bergner, Philipp"]
[Result "1-0"]
[Termination "normal"]
[Board "17"]
[WhiteElo "1798"]
[BlackElo "1749"]
[PlyCount "75"]
[WhiteFideId "24636070"]
[BlackFideId "24664839"]
[EventCountry "GER"]
[EventRounds "9"]
[EventType "swiss"]
[EventDate "2008.05.10"]

1. e4 c5 2. Nf3 d6 3. Bb5+ Bd7 4. Bxd7+ Qxd7 5. d4 cxd4 6. Nxd4 Nc6 7. c4 g6 8.
Nc3 Bg7 9. Be3 e6 10. Ndb5 Bf8 11. O-O a6 12. Nd4 Bg7 13. f3 Nge7 14. Rc1 O-O
15. b3 Rad8 16. Nde2 Nc8 17. Qd2 Qe7 18. Rfd1 Ne5 19. Na4 h5 20. Nb6 Nxb6 21.
Bxb6 Rd7 22. Nc3 Rc8 23. Na4 Rc6 24. Rc2 d5 25. cxd5 exd5 26. Bc5 Qd8 27. exd5
Rf6 28. d6 Qf8 29. Nb6 Bh6 30. Nxd7 Nxd7 31. Be3 Bxe3+ 32. Qxe3 Rxd6 33. Rxd6
Qxd6 34. Rd2 Qc6 35. Qe8+ Nf8 36. Qxc6 bxc6 37. Rd8 Kg7 38. Rc8 1-0

[Event "5. ODEM U25 2008"]
[Site "Willingen GER"]
[Date "2008.05.16"]
[Round "8"]
[White "Eigemann, Julian"]
[Black "Richters, Marc"]
[Result "1/2-1/2"]
[Termination "normal"]
[Board "20"]
[WhiteElo "1604"]
[BlackElo "1961"]
[PlyCount "83"]
[WhiteFideId "24666599"]
[BlackFideId "24612332"]
[EventCountry "GER"]
[EventRounds "9"]
[EventType "swiss"]
[EventDate "2008.05.10"]

1. e4 c5 2. Nf3 a6 3. g3 Nc6 4. Bg2 g6 5. O-O Bg7 6. d3 b5 7. Nbd2 Bb7 8. Re1
d6 9. Nf1 e6 10. Qe2 Nge7 11. Ne3 O-O 12. Nh4 Nd4 13. Qd1 f5 14. exf5 Bxg2 15.
Kxg2 exf5 16. c3 Ndc6 17. Nf3 Qb6 18. Qb3+ Kh8 19. Nd5 Nxd5 20. Qxd5 Ne5 21.
Ng5 h6 22. Ne6 Rfe8 23. Bf4 c4 24. Bxe5 dxe5 25. Nxg7 Kxg7 26. Rxe5 Rad8 27.
Qc5 Qxc5 28. Rxc5 Rxd3 29. Rc7+ Kf6 30. Rc6+ Re6 31. Rxe6+ Kxe6 32. Re1+ Kd6
33. Re8 Kc6 34. Re6+ Rd6 35. Rxd6+ Kxd6 36. Kf3 Ke5 37. Ke3 a5 38. a3 h5 39.
f4+ Kd5 40. h4 Kc5 41. Kf3 b4 42. a4 1/2-1/2

[Event "5. ODEM U25 2008"]
[Site "Willingen GER"]
[Date "2008.05.16"]
[Round "8"]
[White "Kelm, Marcel"]
[Black "Nitze, Florian"]
[Result "1-0"]
[Termination "normal"]
[Board "21"]
[WhiteElo "2016"]
[BlackElo "1530"]
[PlyCount "39"]
[WhiteFideId "4675770"]
[BlackFideId "24603902"]
[EventCountry "GER"]
[EventRounds "9"]
[EventType "swiss"]
[EventDate "2008.05.10"]

1. e4 g6 2. d4 Bg7 3. Nc3 d6 4. Be3 c6 5. Qd2 Nd7 6. O-O-O b5 7. Bd3 Nb6 8. f4
Qc7 9. Nf3 Bg4 10. Rhf1 Nf6 11. h3 Bxf3 12. Rxf3 h5 13. f5 gxf5 14. Rxf5 O-O-O
15. Rdf1 Nbd7 16. d5 a6 17. dxc6 Ne5 18. Bxb5 axb5 19. Nxb5 Nc4 20. Qb4 1-0

[Event "5. ODEM U25 2008"]
[Site "Willingen GER"]
[Date "2008.05.16"]
[Round "8"]
[White "Thanabalasingam, Ajandhan"]
[Black "Kunze, Christopher"]
[Result "0-1"]
[Termination "normal"]
[Board "22"]
[WhiteElo "1723"]
[BlackElo "1942"]
[PlyCount "74"]
[WhiteFideId "24601659"]
[BlackFideId "4647998"]
[EventCountry "GER"]
[EventRounds "9"]
[EventType "swiss"]
[EventDate "2008.05.10"]

1. e4 c5 2. Nf3 Nc6 3. d4 cxd4 4. Nxd4 Nf6 5. Nc3 e5 6. Ndb5 d6 7. Bg5 a6 8.
Na3 b5 9. Nd5 Be7 10. Bxf6 Bxf6 11. c4 Qa5+ 12. Qd2 Qxd2+ 13. Kxd2 Bg5+ 14. Ke1
O-O 15. cxb5 Nd4 16. h4 Bd8 17. b6 Rb8 18. Rc1 Bxb6 19. b4 Be6 20. Nc4 Bxd5 21.
exd5 Bc7 22. a3 a5 23. Ne3 Bd8 24. b5 a4 25. Rb1 Bb6 26. Bc4 Bc5 27. Rh3 f5 28.
Kd2 Bxa3 29. Nxf5 Rxf5 30. Rxa3 Rxf2+ 31. Kc3 Rxg2 32. Rxa4 Rg3+ 33. Kd2 Rf8
34. b6 Rf2+ 35. Ke1 Rh2 36. Ra3 Rg1+ 37. Bf1 Nc2+ 0-1

[Event "5. ODEM U25 2008"]
[Site "Willingen GER"]
[Date "2008.05.16"]
[Round "8"]
[White "Roitzsch, Philippe"]
[Black "Wisheckel, Florian"]
[Result "1-0"]
[Termination "normal"]
[Board "23"]
[WhiteElo "1971"]
[BlackElo "1749"]
[PlyCount "85"]
[WhiteFideId "24635529"]
[BlackFideId "24678090"]
[EventCountry "GER"]
[EventRounds "9"]
[EventType "swiss"]
[EventDate "2008.05.10"]

1. e4 e5 2. Nf3 Nc6 3. Bb5 a6 4. Ba4 Nf6 5. O-O Be7 6. Re1 b5 7. Bb3 O-O 8. c3
d6 9. h3 Bb7 10. d4 Na5 11. Bc2 exd4 12. cxd4 c5 13. d5 Nc4 14. b3 Nb6 15. Bb2
Re8 16. Nbd2 Nfd7 17. Nf1 c4 18. Ne3 Rc8 19. Bd4 Bf6 20. Nf5 Nc5 21. Nh2 g6 22.
Bxf6 Qxf6 23. Ng4 Qd8 24. Qd4 Re5 25. Nfh6+ Kf8 26. Nxe5 dxe5 27. Qxe5 f6 28.
Qd4 Qd6 29. Ng4 Kf7 30. Ne3 Kg7 31. bxc4 bxc4 32. Nxc4 Nxc4 33. Qxc4 Qe5 34.
Rab1 Rc7 35. Qe2 a5 36. Qd2 Bc8 37. f4 Qd6 38. e5 Qa6 39. e6 Qa7 40. Kh1 Re7
41. Rb5 a4 42. f5 Qa6 43. Rxc5 1-0

[Event "5. ODEM U25 2008"]
[Site "Willingen GER"]
[Date "2008.05.16"]
[Round "8"]
[White "George, Tom"]
[Black "Weißbeck, Simon"]
[Result "0-1"]
[Termination "normal"]
[Board "24"]
[WhiteElo "1669"]
[BlackElo "1831"]
[PlyCount "76"]
[WhiteFideId "24659487"]
[BlackFideId "24646865"]
[EventCountry "GER"]
[EventRounds "9"]
[EventType "swiss"]
[EventDate "2008.05.10"]

1. Nc3 Nf6 2. e4 d5 3. e5 Nfd7 4. d4 e6 5. f4 c5 6. Nf3 Nc6 7. Be3 a6 8. a4
cxd4 9. Nxd4 Bc5 10. Nxc6 bxc6 11. Bxc5 Nxc5 12. Qg4 O-O 13. Rd1 Qa5 14. Bd3 d4
15. Bxh7+ Kxh7 16. Qh5+ Kg8 17. Rxd4 Qb6 18. b3 Rd8 19. Qd1 Bb7 20. a5 Qxa5 21.
b4 Rxd4 22. bxa5 Rxd1+ 23. Nxd1 Rd8 24. Nb2 Ne4 25. O-O c5 26. Nc4 Nd2 27. Nxd2
Rxd2 28. Rf2 Rxf2 29. Kxf2 Kf8 30. c4 Be4 31. Ke3 Bxg2 32. Kf2 Be4 33. Ke3 Bg6
34. Kd2 Ke7 35. Ke3 f6 36. Kd2 fxe5 37. fxe5 Kf7 38. Ke3 Bf5 0-1

[Event "5. ODEM U25 2008"]
[Site "Willingen GER"]
[Date "2008.05.16"]
[Round "8"]
[White "Elser, Niklas"]
[Black "Schneider, Johannes"]
[Result "1-0"]
[Termination "normal"]
[Board "25"]
[WhiteElo "1858"]
[BlackElo "1645"]
[PlyCount "35"]
[WhiteFideId "24634573"]
[BlackFideId "24687260"]
[EventCountry "GER"]
[EventRounds "9"]
[EventType "swiss"]
[EventDate "2008.05.10"]

1. e4 d5 2. exd5 Qxd5 3. Nc3 Qa5 4. b4 Qb6 5. Nf3 Nf6 6. Bd3 Bg4 7. a4 a5 8. b5
e6 9. h3 Bh5 10. O-O Nbd7 11. Bb2 Bc5 12. Ne4 Nxe4 13. Bxe4 Nf6 14. Qe2 O-O-O
15. Rad1 Nxe4 16. Qxe4 f6 17. c3 e5 18. Qf5+ 1-0

[Event "5. ODEM U25 2008"]
[Site "Willingen GER"]
[Date "2008.05.16"]
[Round "8"]
[White "Lehmann, Ruben"]
[Black "Häcker, Katrin"]
[Result "1-0"]
[Termination "normal"]
[Board "26"]
[WhiteElo "1780"]
[BlackElo "1663"]
[PlyCount "73"]
[WhiteFideId "24671177"]
[BlackFideId "24667986"]
[EventCountry "GER"]
[EventRounds "9"]
[EventType "swiss"]
[EventDate "2008.05.10"]

1. d4 d5 2. c4 e6 3. Nc3 Nf6 4. Bg5 Nbd7 5. cxd5 exd5 6. e3 c6 7. Bd3 Qa5 8.
Qc2 Bb4 9. Nge2 O-O 10. O-O h6 11. Bh4 Re8 12. a3 Bd6 13. b4 Qc7 14. Bg3 Nh5
15. Nxd5 cxd5 16. Qxc7 Bxc7 17. Bxc7 Ndf6 18. Rac1 Bd7 19. Nc3 a6 20. Be2 Rac8
21. Be5 Be6 22. h3 Rc6 23. g4 Rec8 24. Na2 Rc2 25. Rxc2 Rxc2 26. Nc1 Ne4 27.
Bd3 Rc3 28. Bxe4 dxe4 29. d5 Rc8 30. dxe6 Nf6 31. Bxf6 gxf6 32. exf7+ Kxf7 33.
Ne2 Rg8 34. Rc1 h5 35. Rc7+ Ke6 36. Rxb7 hxg4 37. Rb6+ 1-0

[Event "5. ODEM U25 2008"]
[Site "Willingen GER"]
[Date "2008.05.16"]
[Round "8"]
[White "Huynh, Nhi Lang"]
[Black "Kinzel, Franziska"]
[Result "1-0"]
[Termination "normal"]
[Board "27"]
[WhiteElo "1778"]
[BlackElo "1526"]
[PlyCount "123"]
[WhiteFideId "24669180"]
[EventCountry "GER"]
[EventRounds "9"]
[EventType "swiss"]
[EventDate "2008.05.10"]

1. d4 c6 2. c4 d5 3. Nc3 Nf6 4. Nf3 Bf5 5. Bf4 e6 6. e3 Nbd7 7. Qb3 Qb6 8. c5
Qxb3 9. axb3 Be7 10. b4 O-O 11. b5 cxb5 12. Bxb5 a6 13. Be2 h6 14. h3 g5 15.
Bh2 Rac8 16. b4 Nb8 17. Ne5 Nbd7 18. Nxd7 Nxd7 19. b5 Bf6 20. O-O Rfd8 21. bxa6
bxa6 22. Bxa6 Nxc5 23. Bxc8 Rxc8 24. Ra7 Nb3 25. Nb5 Nd2 26. Rd1 Nc4 27. g4 Bg6
28. Rc1 Rd8 29. Rc7 Kg7 30. Ra1 Kg8 31. Raa7 Kg7 32. Rd7 Rxd7 33. Rxd7 Kg8 34.
Nd6 Nxd6 35. Bxd6 Kg7 36. f3 Kg8 37. Kf2 h5 38. Ke2 Kg7 39. Kd2 Kg8 40. Kc3 Kg7
41. Ba3 Kh6 42. f4 gxf4 43. exf4 hxg4 44. hxg4 Bg7 45. Bc1 Kh7 46. Ba3 Kh6 47.
Be7 Kh7 48. Bg5 Bh6 49. Bxh6 Kxh6 50. f5 exf5 51. gxf5 Bxf5 52. Rxf7 Be4 53.
Kb4 Kg6 54. Rf2 Kg7 55. Kc5 Kg6 56. Rf8 Kg7 57. Rd8 Kf7 58. Rxd5 Bxd5 59. Kxd5
Ke7 60. Ke5 Kd7 61. Kd5 Ke7 62. Kc6 1-0

[Event "5. ODEM U25 2008"]
[Site "Willingen GER"]
[Date "2008.05.16"]
[Round "8"]
[White "Popp, Maximilian"]
[Black "Schätz, Christopher"]
[Result "0-1"]
[Termination "normal"]
[Board "28"]
[WhiteElo "1560"]
[BlackElo "2033"]
[PlyCount "52"]
[WhiteFideId "24673668"]
[BlackFideId "24623997"]
[EventCountry "GER"]
[EventRounds "9"]
[EventType "swiss"]
[EventDate "2008.05.10"]

1. e4 c5 2. Nc3 Nc6 3. f4 d6 4. Bb5 Bd7 5. Bxc6 Bxc6 6. Nf3 g6 7. O-O Bg7 8. d3
e6 9. Be3 Ne7 10. Qd2 O-O 11. d4 b6 12. Nh4 f5 13. dxc5 dxc5 14. Qxd8 Raxd8 15.
e5 g5 16. Nf3 Bxf3 17. Rxf3 gxf4 18. Bxf4 Ng6 19. Re1 Rd4 20. g3 Rfd8 21. Nb5
Rd1 22. Rxd1 Rxd1+ 23. Rf1 Rxf1+ 24. Kxf1 Nxf4 25. gxf4 Bh6 26. Nc7 Kf7 0-1

[Event "5. ODEM U25 2008"]
[Site "Willingen GER"]
[Date "2008.05.16"]
[Round "8"]
[White "Haase, Sebastian"]
[Black "Seyrich, Maximilian"]
[Result "0-1"]
[Termination "normal"]
[Board "29"]
[WhiteElo "1627"]
[BlackElo "1943"]
[PlyCount "52"]
[BlackFideId "24622427"]
[EventCountry "GER"]
[EventRounds "9"]
[EventType "swiss"]
[EventDate "2008.05.10"]

1. d4 Nf6 2. Nf3 e6 3. Bf4 d5 4. e3 c5 5. c3 Nc6 6. Nbd2 Be7 7. Bd3 O-O 8. h3
b6 9. O-O Bb7 10. Bh2 cxd4 11. cxd4 Rc8 12. a3 Na5 13. Ne5 Ne4 14. f4 f6 15.
Nef3 Nc4 16. Nxc4 dxc4 17. Bc2 c3 18. bxc3 Rxc3 19. Nd2 Rxe3 20. Nf3 Qc8 21.
Rc1 Rc3 22. Bb3 Bd5 23. Bxd5 exd5 24. a4 Ba3 25. Rb1 Qc4 26. Rb5 Rc1 0-1

[Event "5. ODEM U25 2008"]
[Site "Willingen GER"]
[Date "2008.05.16"]
[Round "8"]
[White "Janiesch, Maike"]
[Black "Klebanov, Andrej"]
[Result "1/2-1/2"]
[Termination "normal"]
[Board "30"]
[WhiteElo "1698"]
[BlackElo "1850"]
[PlyCount "76"]
[BlackFideId "24669989"]
[EventCountry "GER"]
[EventRounds "9"]
[EventType "swiss"]
[EventDate "2008.05.10"]

1. d4 e6 2. c4 d5 3. Nc3 Nf6 4. cxd5 Nxd5 5. e4 Nxc3 6. bxc3 c5 7. Nf3 cxd4 8.
cxd4 Nc6 9. Bc4 Bb4+ 10. Bd2 Qa5 11. d5 Bxd2+ 12. Qxd2 Qxd2+ 13. Nxd2 Ne5 14.
dxe6 Nxc4 15. exf7+ Kxf7 16. Nxc4 Be6 17. Nd6+ Ke7 18. Nxb7 Rab8 19. Nc5 Bc4
20. Nb3 Rhd8 21. Rd1 Rxd1+ 22. Kxd1 Bxb3+ 23. axb3 Rxb3 24. Kc2 Ra3 25. Kb2 Ra4
26. Ra1 Rxe4 27. Rxa7+ Kf6 28. Ra2 Rg4 29. g3 Rc4 30. Kb3 Rc7 31. Rc2 Rd7 32.
Kc3 Kf5 33. f3 h5 34. Rd2 Ra7 35. Kd3 g5 36. Ke3 Re7+ 37. Kf2 Ra7 38. Re2 Ra3
1/2-1/2

[Event "5. ODEM U25 2008"]
[Site "Willingen GER"]
[Date "2008.05.16"]
[Round "8"]
[White "Fernschild, Daniel"]
[Black "Preiß, Vincent"]
[Result "1-0"]
[Termination "normal"]
[Board "31"]
[WhiteElo "1877"]
[BlackElo "1580"]
[PlyCount "37"]
[WhiteFideId "4624513"]
[BlackFideId "24660850"]
[EventCountry "GER"]
[EventRounds "9"]
[EventType "swiss"]
[EventDate "2008.05.10"]

1. d4 Nf6 2. Nf3 d5 3. e3 Bg4 4. c4 e6 5. Nc3 c6 6. Qb3 Qc7 7. Ne5 Bh5 8. Bd2
Nbd7 9. f4 Be7 10. Rc1 dxc4 11. Bxc4 Nb6 12. Bd3 Nbd5 13. O-O Rd8 14. Na4 Bd6
15. Nc5 Bxc5 16. Rxc5 Ne7 17. Rfc1 Nd7 18. Nxd7 Qxd7 19. Rxh5 1-0

[Event "5. ODEM U25 2008"]
[Site "Willingen GER"]
[Date "2008.05.16"]
[Round "8"]
[White "Ehlers, Michael"]
[Black "Wolkow, Michael"]
[Result "1-0"]
[Termination "normal"]
[Board "32"]
[WhiteElo "1988"]
[BlackElo "1566"]
[PlyCount "57"]
[WhiteFideId "4674537"]
[EventCountry "GER"]
[EventRounds "9"]
[EventType "swiss"]
[EventDate "2008.05.10"]

1. e4 d5 2. exd5 Qxd5 3. d4 Bf5 4. c3 e6 5. Nf3 c6 6. Be2 Nf6 7. O-O Qa5 8.
Nbd2 Nbd7 9. Nc4 Qc7 10. Nh4 Bg6 11. f4 Be7 12. f5 exf5 13. Nxf5 Bxf5 14. Rxf5
Nd5 15. Bd2 O-O 16. Bd3 N7f6 17. Bg5 Rae8 18. Bh4 b5 19. Bxf6 bxc4 20. Bxg7
cxd3 21. Bh6 Kh8 22. Qxd3 Rg8 23. Rxf7 Nf6 24. Rf1 Rg6 25. R1xf6 Bxf6 26. Rxc7
Rxh6 27. h3 Re1+ 28. Kh2 Be7 29. Rc8+ 1-0

[Event "5. ODEM U25 2008"]
[Site "Willingen GER"]
[Date "2008.05.16"]
[Round "8"]
[White "Jorczik, Andreas"]
[Black "Billing, Alexander"]
[Result "1/2-1/2"]
[Termination "normal"]
[Board "33"]
[WhiteElo "1820"]
[BlackElo "1875"]
[PlyCount "56"]
[WhiteFideId "24634921"]
[BlackFideId "24624420"]
[EventCountry "GER"]
[EventRounds "9"]
[EventType "swiss"]
[EventDate "2008.05.10"]

1. d4 e6 2. c4 d5 3. Nc3 Nf6 4. Bg5 Be7 5. Nf3 h6 6. Bh4 O-O 7. e3 b6 8. Qc2
Bb7 9. cxd5 Nxd5 10. Bxe7 Qxe7 11. Nxd5 Bxd5 12. Be2 Rc8 13. O-O Bb7 14. Rac1
Nd7 15. Qa4 c5 16. Ba6 Bxa6 17. Qxa6 Rc7 18. Rc3 Rac8 19. Rfc1 Nf6 20. a3 cxd4
21. Qxc8+ Rxc8 22. Rxc8+ Ne8 23. Nxd4 Qd7 24. Nc6 Kf8 25. Ra8 Qd2 26. Rf1 Qd5
27. Rc1 Qd2 28. Rf1 Qd5 1/2-1/2

[Event "5. ODEM U25 2008"]
[Site "Willingen GER"]
[Date "2008.05.16"]
[Round "8"]
[White "Wagner, Thomas"]
[Black "Melzer, Marcel"]
[Result "0-1"]
[Termination "normal"]
[Board "34"]
[WhiteElo "1554"]
[BlackElo "1745"]
[PlyCount "48"]
[BlackFideId "24671886"]
[EventCountry "GER"]
[EventRounds "9"]
[EventType "swiss"]
[EventDate "2008.05.10"]

1. e4 c5 2. Nc3 Nc6 3. g3 e6 4. Bg2 Nf6 5. f4 d5 6. d3 b5 7. e5 Nd7 8. Nf3 a6
9. O-O Be7 10. Kh1 O-O 11. d4 f6 12. dxc5 fxe5 13. Nxd5 Bxc5 14. Nc3 exf4 15.
Bxf4 Qb6 16. Ne5 Ndxe5 17. Bxe5 Nxe5 18. Rxf8+ Bxf8 19. Bxa8 Bb7+ 20. Bxb7
Qxb7+ 21. Kg1 Bc5+ 22. Kf1 Qh1+ 23. Ke2 Qf3+ 24. Kd2 Qe3# 0-1

[Event "5. ODEM U25 2008"]
[Site "Willingen GER"]
[Date "2008.05.16"]
[Round "8"]
[White "Ohnesorg, Felix"]
[Black "Carow, Annelen"]
[Result "1-0"]
[Termination "normal"]
[Board "35"]
[WhiteElo "1711"]
[BlackElo "1542"]
[PlyCount "53"]
[WhiteFideId "24653578"]
[BlackFideId "24692492"]
[EventCountry "GER"]
[EventRounds "9"]
[EventType "swiss"]
[EventDate "2008.05.10"]

1. d4 Nf6 2. c4 e6 3. Nf3 c5 4. Nc3 b6 5. Bg5 Bb7 6. e3 Be7 7. Be2 O-O 8. O-O
d6 9. Re1 Nbd7 10. Rc1 Rc8 11. b3 h6 12. Bh4 Ne4 13. Bxe7 Qxe7 14. Nxe4 Bxe4
15. Nd2 Bh7 16. Nb1 Nf6 17. Nc3 Ne4 18. Bd3 Nxc3 19. Rxc3 Rc7 20. Re2 Bxd3 21.
Rxd3 f6 22. dxc5 dxc5 23. Red2 Rf7 24. Rd8+ Kh7 25. Qf3 g6 26. Qa8 g5 27. Re8
1-0

[Event "5. ODEM U25 2008"]
[Site "Willingen GER"]
[Date "2008.05.16"]
[Round "8"]
[White "Durmisi, Valon"]
[Black "Windjäger, Gerd"]
[Result "0-1"]
[Termination "normal"]
[Board "36"]
[WhiteElo "1689"]
[BlackElo "1535"]
[PlyCount "88"]
[EventCountry "GER"]
[EventRounds "9"]
[EventType "swiss"]
[EventDate "2008.05.10"]

1. e4 c6 2. Nc3 d5 3. Qf3 dxe4 4. Nxe4 Nd7 5. d4 Ngf6 6. Bc4 e6 7. Bg5 Qa5+ 8.
Bd2 Qb6 9. Bc3 Nxe4 10. Qxe4 Nf6 11. Qd3 Be7 12. f3 Nd5 13. O-O-O Nxc3 14. Qxc3
Bf6 15. Ne2 O-O 16. Qb3 Qc7 17. c3 a5 18. g4 b5 19. Bd3 b4 20. Qc2 g6 21. h4
bxc3 22. Qxc3 Ba6 23. g5 Bxd3 24. Qxd3 Bg7 25. h5 c5 26. Qc2 Rfc8 27. Kb1 Rab8
28. Rh4 Qb7 29. Rd3 cxd4 30. Qd2 a4 31. Ng3 Rc6 32. Rdxd4 Bxd4 33. Rxd4 Qc7 34.
Rd7 Qb6 35. Ne4 Qg1+ 36. Qd1 Qxd1+ 37. Rxd1 gxh5 38. Nf6+ Kg7 39. Rh1 Rbc8 40.
a3 Rd8 41. Rxh5 Rd2 42. Ne4 Rd1+ 43. Ka2 Rcc1 44. b4 Rc2# 0-1

[Event "5. ODEM U25 2008"]
[Site "Willingen GER"]
[Date "2008.05.16"]
[Round "8"]
[White "Meiser, Michael"]
[Black "Drewes, Carina"]
[Result "1/2-1/2"]
[Termination "normal"]
[Board "37"]
[WhiteElo "1490"]
[BlackElo "1676"]
[PlyCount "45"]
[WhiteFideId "24659762"]
[BlackFideId "24600296"]
[EventCountry "GER"]
[EventRounds "9"]
[EventType "swiss"]
[EventDate "2008.05.10"]

1. e4 e5 2. Nf3 Nf6 3. Nxe5 d6 4. Nc4 Nxe4 5. Qe2 Qe7 6. Ne3 Nf6 7. c4 Nc6 8.
Nc3 a6 9. Ned5 Nxd5 10. Nxd5 Qxe2+ 11. Bxe2 Kd8 12. d3 Be6 13. Bg5+ Be7 14.
Nxe7 Nxe7 15. O-O-O f6 16. Bh4 Nf5 17. Bg3 Nd4 18. Rhe1 Kd7 19. f3 Rhe8 20. Bf2
Nxe2+ 21. Rxe2 Bf5 22. Rxe8 Rxe8 23. Kd2 1/2-1/2

[Event "5. ODEM U25 2008"]
[Site "Willingen GER"]
[Date "2008.05.16"]
[Round "8"]
[White "Paulus, Jeffrey"]
[Black "Kempe, Markus"]
[Result "1-0"]
[Termination "normal"]
[Board "38"]
[WhiteElo "1674"]
[BlackElo "1243"]
[PlyCount "53"]
[WhiteFideId "24692468"]
[BlackFideId "24692638"]
[EventCountry "GER"]
[EventRounds "9"]
[EventType "swiss"]
[EventDate "2008.05.10"]

1. e4 c5 2. Nf3 Nc6 3. c3 g6 4. d4 cxd4 5. cxd4 Bg7 6. Nc3 Nf6 7. e5 Ng8 8. Bc4
d6 9. Bf4 dxe5 10. dxe5 Qa5 11. Qd5 Qxd5 12. Nxd5 Rb8 13. e6 Bxe6 14. Nc7+ Kf8
15. Nxe6+ fxe6 16. Bxb8 Nxb8 17. O-O Nf6 18. Bxe6 Nc6 19. Rad1 Bh6 20. Nd4 Nxd4
21. Rxd4 Kg7 22. Rfd1 Bg5 23. h4 Bh6 24. g4 g5 25. f4 gxh4 26. g5 Bxg5 27. fxg5
1-0

[Event "5. ODEM U25 2008"]
[Site "Willingen GER"]
[Date "2008.05.16"]
[Round "8"]
[White "Neitzel, Mirko"]
[Black "Voss, Mathieu"]
[Result "1/2-1/2"]
[Termination "normal"]
[Board "39"]
[WhiteElo "1720"]
[BlackElo "1452"]
[PlyCount "61"]
[WhiteFideId "24657298"]
[EventCountry "GER"]
[EventRounds "9"]
[EventType "swiss"]
[EventDate "2008.05.10"]

1. e4 e6 2. d3 d5 3. Nd2 Bc5 4. Ngf3 Nc6 5. g3 Nge7 6. Bg2 dxe4 7. Nxe4 Bb6 8.
O-O O-O 9. Be3 e5 10. Qd2 Bxe3 11. fxe3 Bg4 12. Qf2 Qc8 13. h4 Bh3 14. Nh2 Bxg2
15. Kxg2 Nd5 16. a3 Nce7 17. Qf3 c6 18. Rae1 f5 19. Nd2 f4 20. exf4 exf4 21.
Rxe7 Nxe7 22. gxf4 Ng6 23. Qg3 Qf5 24. Ne4 Qh5 25. Kh3 Rad8 26. Qg5 Rd5 27.
Qxh5 Rxh5 28. Kg3 Rxh4 29. f5 Rxh2 30. Kxh2 Nh4 31. Ng3 1/2-1/2